Wsie W gminah odzrywół i drzewica - Statystyki

Ogólne statystyki
  • Ten quiz został rozwiązany 11 razy
  • Średni wynik to 19 z 40
Statystyki odpowiedzi
Gmina Odpowiedź % Poprawnych
Drzewica
100%
Odrzywół
80%
Drzewica: Domaszno
60%
Idzikowice
60%
Janówek
60%
Kamienna Wola
60%
Odrzywół: Kłonna
60%
Kłonna Kolonia
60%
Kolonia Ossa
60%
Las Kamiennowolski
60%
Lipiny
60%
Ossa
60%
Radzice Duże
60%
Radzice Małe
60%
Strzyżów
60%
Werówka
60%
Zakościele
60%
Żardki
60%
Żdżary
60%
Brzustowiec
40%
Brzuza
40%
Ceteń
40%
Dąbrówka
40%
Giełzów
40%
Jelnia
40%
Krzczonów
40%
Myślakowice
40%
Myślakowice Kolonia
40%
Świerczyna
40%
Trzebina
40%
Walerianów
40%
Wysokin
40%
Badulki
20%
Dąbrowa
20%
Dębowa Góra
20%
Emilianów
20%
Łęgonice Małe
20%
Różanna
20%
Stanisławów
20%
Wandzinów
20%
Nie znaleziono quizów pasujących do podanych kryteriów
Rozkład punktacji
Procent ludzi z każdym wynikiem
Percentyl według liczby udzielonych odpowiedzi
Twoja historia wyników
Nie rozwiązałeś tego quizu